000 00383nam a2200157Ia 4500
008 151213s9999 xx 000 0 und d
100 _aE . M. Forster
245 _aCollected Short Stories
_cE . M. Forster
250 _a1st
260 _aEngland
_bPenguijng Book
_c1947
300 _a4356 p.
650 _aEnglish
650 _aStories
700 _aE . M. Forster
999 _c2770
_d2770